00548 a2200169 450000500170000001000150001702000310003203500140006303700160007708200170009310000200011024500870013026000340021727000830025130000220033470000220035620220222112548.0 aENG-130287 a978-93-89136-76-0c1250.00 aEN-113819 bDBAD / PUB a791.43095414 aSengupta, Arjun aSoutmitra Chatterjee A life in Cinema, Theatre, Poetry & Painting:cArjun Sengupta bNiyogi Booksc2021aNew Delhi mniyogibooks@gmail.comaD-78, Okhla Industrial Area, Phase-IbNew Delhie110020 a186p.c24cm (hbk) aMukherjee, Partha